अनु-ठाकूर अजित (Record no. 1350922)

MARC details
000 -LEADER
fixed length control field 00516nam a2200169Ia 4500
008 - FIXED-LENGTH DATA ELEMENTS--GENERAL INFORMATION
fixed length control field 151202s9999||||xx |||||||||||||| ||und||
082 ## - DEWEY DECIMAL CLASSIFICATION NUMBER
Item number PNVM-91238
100 ## - MAIN ENTRY--PERSONAL NAME
Personal name ग्रीन सॅली /
245 ## - TITLE STATEMENT
Title अनु-ठाकूर अजित
260 ## - PUBLICATION, DISTRIBUTION, ETC. (IMPRINT)
Name of publisher, distributor, etc 2015-10-02
260 ## - PUBLICATION, DISTRIBUTION, ETC. (IMPRINT)
Date of publication, distribution, etc 311
600 ## - SUBJECT ADDED ENTRY--PERSONAL NAME
Personal name ग्रीन सॅली /
630 ## - SUBJECT ADDED ENTRY--UNIFORM TITLE
Uniform title अनु-ठाकूर अजित
700 ## - ADDED ENTRY--PERSONAL NAME
Personal name ग्रीन सॅली /
730 ## - ADDED ENTRY--UNIFORM TITLE
Uniform title अनु-ठाकूर अजित
942 ## - ADDED ENTRY ELEMENTS (KOHA)
Koha item type Book
Holdings
Withdrawn status Lost status Damaged status Not for loan Home library Current library Date acquired Cost, normal purchase price Total Checkouts Full call number Barcode Date last seen Cost, replacement price Price effective from Koha item type
        Pune Nagar Vachan Mandir, Pune Pune Nagar Vachan Mandir, Pune   0.00   PNVM-91238 PNVM-91238 12/02/2015 0.00 12/02/2015 Book